000
00324nam a2200133Ia 4500
005
20251222155126.0
008
251222s9999||||xx |||||||||||||| ||spa||
082
_a
REL.10.1
100
_a
CAZELLES Henri.
245
0
_a
Introducción CrÃtica al Antiguo Testamento
250
_a
1ra. ed.
264
_b
Herder
942
_c
LIB
999
_c
38637
_d
38637